Human-Wildlife conflict management in Mosi-Oa-Tunya National Parks and Simonga Village: an application of PGIS in Zambia (Record no. 46018)

MARC details
000 -LEADER
fixed length control field 00769nam a2200145 a 4500
008 - FIXED-LENGTH DATA ELEMENTS--GENERAL INFORMATION
fixed length control field 090720s2008 ||||||||||||||||| || u
050 ## - LIBRARY OF CONGRESS CALL NUMBER
Classification number CBU-PG THESIS/MWE
100 ## - MAIN ENTRY--PERSONAL NAME
Personal name Mweemba, Marion Chilombe
245 10 - TITLE STATEMENT
Title Human-Wildlife conflict management in Mosi-Oa-Tunya National Parks and Simonga Village: an application of PGIS in Zambia
Statement of responsibility, etc. Supervised by Hennemann, G. R.
260 ## - PUBLICATION, DISTRIBUTION, ETC.
Place of publication, distribution, etc. Netherlands
Name of publisher, distributor, etc. International Institute for geo-information science and earth observation Enschede, the Netherlands, Postgraduate Studies
Date of publication, distribution, etc. 2008
300 ## - PHYSICAL DESCRIPTION
Extent xiii, 85p. :ill.
350 ## - PRICE (NR) (BK AM CF MU VM SE) [OBSOLETE]
Price 0.00
650 ## - SUBJECT ADDED ENTRY--TOPICAL TERM
Topical term or geographic name entry element GAME RESERVES--ZAMBIA
995 ## - RECOMMENDATION 995 [LOCAL, UNIMARC FRANCE]
-- 0.00
-- CBU-MAIN LIBRARY (Kitwe)
-- 1
-- 0.00
-- 1
-- AVAILABLE
-- Jul 20, 2009
-- University Collection
Holdings
Withdrawn status Lost status Source of classification or shelving scheme Damaged status Not for loan Home library Current library Shelving location Date acquired Total Checkouts Full call number Barcode Date last seen Price effective from Koha item type
          CBU-MAIN LIBRARY, KITWE. CBU-MAIN LIBRARY, KITWE.   11/30/2022   CBU-PG THESIS/MWE Z03004372 11/30/2022 11/30/2022 MONOGRAPH